000 00189nam a22000857a 4500
999 _c23730
_d23730
005 20250212120412.0
008 250212b ||||| |||| 00| 0 eng d
040 _csk
245 _aŠijeme hračky